| Tag |
First Indicator |
Second Indicator |
Subfields |
| LEADER |
00000cam a2200000 4500 |
| 001 |
in00000078468 |
| 005 |
20151008052819.0 |
| 008 |
720922s1948 nyu b 00000 eng u |
| 010 |
|
|
|a 48005424
|
| 035 |
|
|
|a (OCoLC)00413335
|
| 035 |
|
|
|a AAH4991AM
|
| 040 |
|
|
|c CSU
|d TXA
|d UtOrBLW
|
| 049 |
|
|
|a TXAM
|c 1 [151369]
|c 2 [151370]
|c 3[281776]
|
| 050 |
|
0 |
|a HD6508
|b .B35
|
| 092 |
|
|
|a 331.88
|b B229
|
| 100 |
1 |
|
|a Barbash, Jack.
|
| 245 |
1 |
0 |
|a Labor unions in action ;
|b a study of the mainsprings of unionism.
|
| 250 |
|
|
|a [1st ed.].
|
| 264 |
|
1 |
|a New York :
|b Harper,
|c [1948]
|
| 300 |
|
|
|a x,270p. ;
|c 22cm.
|
| 336 |
|
|
|a text
|b txt
|2 rdacontent
|
| 337 |
|
|
|a unmediated
|b n
|2 rdamedia
|
| 338 |
|
|
|a volume
|b nc
|2 rdacarrier
|
| 504 |
|
|
|a "Notes and references": pages 225-248.
|
| 650 |
|
0 |
|a Labor unions
|z United States.
|
| 999 |
|
|
|a MARS
|
| 999 |
f |
f |
|s ae00b5c6-b4a7-3b16-a09c-64c92178508b
|i 513c6989-0ee1-39bd-b1a8-1c1cd65267d4
|t 0
|
| 952 |
f |
f |
|p normal
|a Texas A&M University
|b College Station
|c Sterling C. Evans Library
|d Evans: Library Stacks
|t 0
|e HD6508 .B35
|h Library of Congress classification
|i unmediated -- volume
|m A14800722968
|
| 998 |
f |
f |
|a HD6508 .B35
|t 0
|l Evans: Library Stacks
|